Lèxic alimentació (Registre núm. 68255)

MARC details
000 -LEADER
campo de control de longitud fija 00637nma a22002057a 4500
008 - DATOS DE LONGITUD FIJA--INFORMACIÓN GENERAL
campo de control de longitud fija 220922s2012 cat
041 ## - CÓDIGO DE IDIOMA
Código de lengua del texto/banda sonora o título independiente cat
245 ## - MENCIÓN DEL TÍTULO
Título Lèxic alimentació
Medio [en línia]
260 ## - PUBLICACIÓN, DISTRIBUCIÓN, ETC.
Lugar de publicación, distribución, etc. Barcelona
Nombre del editor, distribuidor, etc. Generalitat de Catalunya. Corporació Catalana de Mitjans Audiovisuals
Fecha de publicación, distribución, etc. 2012
520 ## - RESUMEN, ETC.
Nombre de termes 236
546 ## - NOTA DE IDIOMA
Llengua de les definicions català
592 ## - Tipus obra
Tipus d'obra Obra terminològica
593 ## - Codi CGAT
Codi de la CGAT KR
650 #0 - PUNTO DE ACCESO ADICIONAL DE MATERIA--TÉRMINO DE MATERIA
9 (RLIN) 61930
Término de materia o nombre geográfico como elemento de entrada alimentació
773 ## - ASIENTO DE ITEM FUENTE
Título És A Dir: El portal lingüístic de 3Cat
856 ## - LOCALIZACIÓN Y ACCESO ELECTRÓNICOS
Identificador Uniforme de Recursos <a href="https://esadir.cat/lexic/lexicalimentacio">https://esadir.cat/lexic/lexicalimentacio</a>
902 ## - ELEMENTOS DE DATOS B LOCAL, LDB (RLIN)
a 220922
942 ## - ELEMENTOS DE ENTRADA SECUNDARIOS (KOHA)
Fuente del sistema de clasificación o colocación Clasificación Decimal Dewey
Tipo de ítem Koha Part de monografia
Suprimir en OPAC No
Fons
Estatus retirado Estado de pérdida Fuente del sistema de clasificación o colocación Estado de daño No para préstamo Biblioteca de origen Biblioteca actual Fecha de adquisición Total de préstamos Código de barras Visto por última vez Identificador Uniforme de Recursos Precio de reemplazo Tipo de ítem Koha
    ddc     TERMCAT TERMCAT 22/09/2022   P_68280 22/09/2022 https://esadir.cat/lexic/lexicalimentacio 22/09/2022 PM